PC Spiele Logo/Icon Quiz - Statistiken

Allgemein
  • Dieses Quiz wurde 481 mal gespielt
  • Das Durchschnittsergebnis liegt bei 8 aus 16
Antwortstatistiken
Bildquiz Antwort % Korrekt
Sims 4
96%
Fortnite
90%
Minecraft
65%
Rocket League
65%
Counter Strike: Global Offensive
61%
Grand Theft Auto Five
60%
Valorant
56%
Read Dead Redemption 2
55%
Forza Horizon 5
40%
Destiny 2
39%
Battlefield 2042
38%
Phasmophobia
37%
World of Warships
26%
Apex Legends
25%
Assassin's Creed Origins
20%
PC Building Simulator 2
9%
Keine übereinstimmenden Quizze gefunden
Verteilung der Resultate
Anzahl Personen mit jedem Resultat
Perzentil nach korrekt beantworteten Fragen
Ihre Resultats-Entwicklung
Sie haben dieses Quiz noch nicht gespielt